|
|
|
|
| LEADER |
00851nam a2200217 a 4500 |
| 001 |
0000762 |
| 003 |
BD-DhAAL |
| 008 |
091112s1973 enk b 000 0 eng d |
| 040 |
|
|
|a DLC
|c DLC
|b BD-DhAAL
|
| 082 |
0 |
0 |
|a 330
|2 23
|
| 100 |
1 |
|
|a Schumacher, E. F.
|q (Ernst Friedrich),
|d 1911-1977.
|9 8249
|
| 245 |
1 |
0 |
|a Small is beautiful :
|b economics as if people mattered /
|c E.F. Schumacher.
|
| 260 |
|
|
|a London :
|b Abacus,
|c c1973.
|
| 300 |
|
|
|a 255 p. ;
|c 20 cm
|
| 504 |
|
|
|a Includes bibliographical references and index.
|
| 541 |
1 |
|
|e 0000762
|
| 650 |
|
0 |
|a Economics.
|
| 852 |
4 |
|
|a Ayesha Abed Library
|c General Stacks
|
| 942 |
|
|
|2 ddc
|c BK
|
| 999 |
|
|
|c 5453
|d 5453
|
| 952 |
|
|
|0 0
|1 0
|2 ddc
|4 0
|6 330_000000000000000_SCH
|7 0
|9 5318
|a BRACUL
|b BRACUL
|c GEN
|d 2009-11-12
|g 224.00
|l 0
|o 330 SCH
|p 3010000762
|r 2009-11-12
|t 1
|v 448.00
|w 2009-11-12
|y BK
|x Previously lost book recovered on 10 August 2025
|